|
|
|
|
| LEADER |
01469cam a2200385 a 4500 |
| 001 |
c000379251 |
| 003 |
CARM |
| 005 |
20100913170701.0 |
| 008 |
100913m19909999nyuk 001 0 eng d |
| 010 |
|
|
|a 90037770
|
| 019 |
1 |
|
|a 7329438
|5 LACONCORD2021
|
| 020 |
|
|
|a 0876327498
|
| 035 |
|
|
|a (OCoLC)21674477
|5 LACONCORD2021
|
| 040 |
|
|
|a DLC
|b eng
|c DLC
|d DLC
|d LC
|
| 043 |
|
|
|a n-us---
|
| 050 |
0 |
0 |
|a KF1423
|b .O47 1990
|
| 082 |
0 |
4 |
|a 346.73/06642
|2 20
|
| 082 |
0 |
4 |
|a 347.3066642
|2 20
|
| 100 |
1 |
|
|a Olson, John F.
|
| 245 |
1 |
0 |
|a Director & officer liability :
|b indemnification and insurance /
|c by John F. Olson and Josiah O. Hatch III.
|
| 246 |
3 |
|
|a Director and officer liability
|
| 260 |
|
|
|a New York, N.Y. :
|b C. Boardman,
|c 1990-.
|
| 300 |
|
|
|a 1 v. (loose-leaf) :
|b forms ;
|c 26 cm.
|
| 490 |
0 |
|
|a Corporate law series ;
|v 3
|
| 500 |
|
|
|a Includes index.
|
| 650 |
|
0 |
|a Directors of corporations
|x Legal status, laws, etc
|z United States.
|
| 650 |
|
0 |
|a Executives
|x Legal status, laws, etc
|z United States.
|
| 650 |
|
0 |
|a Indemnity against liability
|z United States.
|
| 700 |
1 |
|
|a Hatch, Josiah O.
|
| 740 |
0 |
|
|a Director and officer liability.
|
| 852 |
8 |
|
|b CARM
|p 0538902
|f BK
|
| 852 |
8 |
|
|b SCAN
|h A3:AI12C0
|i F07804
|p 0538902
|f BK
|
| 999 |
f |
f |
|i 293d3871-35c8-555f-8177-436e926d0058
|s a5ab2e47-9fc9-5f19-ba42-22645693964b
|
| 952 |
f |
f |
|p Can circulate
|a CAVAL
|b CAVAL
|c CAVAL
|d CARM 1 Store
|i book
|m 0538902
|
| 952 |
f |
f |
|a CAVAL
|b CAVAL
|c CAVAL
|d Unmapped Location
|e F07804
|f A3:AI12C0
|h Other scheme
|